Bridging partition : (Record no. 39401)

MARC details
000 -LEADER
fixed length control field 00988nam a22002777a 4500
005 - DATE AND TIME OF LATEST TRANSACTION
control field 2010080503243.0
010 ## - LCCN (DPL NO)
LC control number ENG-98278
020 ## - INTERNATIONAL STANDARD BOOK NUMBER
International Standard Book Number 9788125038306
Terms of availability 495.00
035 ## - SYSTEM CONTROL NUMBER
System control number EN-81811
037 ## - SOURCE OF ACQUISITION
Source of stock number/acquisition DBAD/PUB
082 ## - DEWEY DECIMAL CLASSIFICATION NUMBER
Classification number 327.5405491
245 ## - TITLE STATEMENT
Title Bridging partition :
Remainder of title people initiatives for peace between India and Pakistan /
Statement of responsibility, etc edited by Smitu Kothari...[et..al]
260 ## - PUBLICATION, DISTRIBUTION, ETC. (IMPRINT)
Place of publication, distribution, etc New Delhi
Name of publisher, distributor, etc Orient Blackswan
Date of publication, distribution, etc 2010
270 ## - ADDRESS
Address 1/24 Asaf Ali Road
City New Delhi
Postal code 110002
300 ## - PHYSICAL DESCRIPTION
Extent 347p.
Dimensions 20cm (pbk)
650 ## - SUBJECT ADDED ENTRY--TOPICAL TERM
Geographic subdivision India
650 ## - SUBJECT ADDED ENTRY--TOPICAL TERM
Topical term or geographic name as entry element International Relations
650 ## - SUBJECT ADDED ENTRY--TOPICAL TERM
Geographic subdivision Pakistan
700 ## - ADDED ENTRY--PERSONAL NAME
Personal name Mian, Zia
9 (RLIN) 6694
700 ## - ADDED ENTRY--PERSONAL NAME
Personal name Kothari, Smitu
9 (RLIN) 6695
700 ## - ADDED ENTRY--PERSONAL NAME
Personal name Bhasin, Kamla
9 (RLIN) 6696
700 ## - ADDED ENTRY--PERSONAL NAME
Personal name Nayyar, A. H.
9 (RLIN) 6697
700 ## - ADDED ENTRY--PERSONAL NAME
Personal name Tahseen, Mohammad
9 (RLIN) 6698
942 ## - ADDED ENTRY ELEMENTS (KOHA)
Source of classification or shelving scheme Dewey Decimal Classification
Item type English Books
Classification part 327.5405491
Call number suffix BRI
Holdings
Withdrawn status Lost status Not for loan Collection code Home library Current library Date acquired Source of acquisition Cost, normal purchase price Full call number Barcode Copy number Cost, replacement price Koha item type
    Not For Loan Non-fiction D.B.Act.Division D.B.Act.Division 05/08/2010 DBAD/PUB 495.00 327.5405491 BRI EN-81811 1 495.00 English Books

© Delhi Public Library
Hit Counter
free hit counter